| 000 | 00750pam a2200241 a 4500 | ||
|---|---|---|---|
| 001 | 11204 | ||
| 003 | IN-BhIIT | ||
| 005 | 20250922120806.0 | ||
| 008 | 911001s1992 nyua b 001 0 eng | ||
| 020 | _a9789380663371 (pbk.) | ||
| 040 | _aIN-BhIIT | ||
| 041 | _aeng | ||
| 082 | 0 | 0 |
_a330.0151 _bCHI/E |
| 100 | 1 |
_aChiang, Alpha C., _eAuthor _926434 |
|
| 245 | 1 | 0 |
_aElements of dynamic optimization / _cAlpha C. Chiang. |
| 260 |
_aKolkata : _bLevant Books, _c2012. |
||
| 300 |
_axiii, 327 p. : _bill. ; _c25 cm. |
||
| 500 | _aContinues: Fundamental methods of mathematical economics. | ||
| 504 | _aIncludes bibliographical references and index. | ||
| 650 | 0 | _aMathematical optimization. | |
| 650 | 0 |
_aEconomics, Mathematical. _95762 |
|
| 942 | _cTRB | ||
| 999 |
_c14652 _d14652 |
||